000 00476nam a2200169Ia 4500
003 GCL
008 140319s9999 xx 000 0 eng d
040 _aGCL /
_cGCL
082 0 4 _a388
_bH T
100 1 _aHILLING, DAVID
245 1 0 _aTRANSPORT AND DEVELOPING COUNTRIES /
_cHILLING, DAVID
260 _a[S.N] :
_bROUTLEDGE ،
_c1996
300 _a345 P
650 0 4 _aDEVELOPING COUNTRIES - ECONOMIC CONDITIONS
650 0 4 _aTRANSPORTATION-DEVELOPING COUN
942 _2ddc
_cBK
999 _c13158
_d13158